000 01854aam a2200301 i 4500
001 768714001
003 CO-MdFUSB
005 20231110145849.0
007 ta
008 231030t20052005spaa||ag |||| 00| 0 spa d
020 _a8496463168
040 _aCO-MdFUSB
_bspa
_cCO-MdFUSB
_dCO-MdFUSBC
_erda
041 _aspa
082 _223
_a863.7
_bAR783
100 _aArsuaga, Juan Luis,
_eautor
245 1 4 _aAl otro lado de la niebla
_b : las aventuras de un hombre en la edad de piedra
_c/ Juan Luis Arsuaga
264 1 _aMadrid, España :
_bSuma de Letras,
_c[2005]
264 4 _c©2005
300 _a299 páginas
_c; 25 cm
336 _2rdacontent
_atexto
_btxt
337 _2rdamedia
_asin mediación
_bn
338 _2rdacarrier
_avolumen
_bnc
520 _aHace muchos miles de años, en un mundo que poco tiene que ver con el actual pero que también era el nuestro, un muchacho sin nombre al que llaman Piojo y que sólo ha conocido la crueldad del hombre que le cuida desde que quedara huérfano, decide emprender por sí mismo la lucha por la existencia. De manera fortuita, el joven se cruzará en su camino con los hombres-águila, entre los que encontrará a su primer amigo, el orgulloso Viento del Norte, y a su amor verdadero, la inolvidable Gata. Serán precisamente la amistad traicionada y el amor perdido los que impulsen a Piojo a una terrible aventura entre los caníbales del Desierto de los Demonios Danzantes y a una vida solitaria y errante. Capaz de ver el mundo que le rodea con la luz y la mirada del artista y de arrostrar los peligros que se le presentan con la serenidad de los auténticos héroes, Piojo sabrá hacer caso de sus sueños y conseguirá por fin un nombre y un lugar en su mundo… y en el nuestro.
563 _aPasta dura.
653 _aLiteratura española Siglo XXI
942 _cBK
945 _asor1564
999 _c69230
_d69230